Представление документа в формате MARC21

ПолеНазваниеЗначение
  Тип записи a
  Библиографический уровень m
001 Контрольный номер RU\infra-m\znanium\bibl\2235022
005 Дата корректировки 20260429142133.1
008 Кодируемые данные 260120s2025 RU g rus u
020 Индекс ISBN __
a ISBN 978-5-9614-7144-1
040 Источник каталогиз. __
a Служба первич. каталог. Общество с ограниченной ответственностью «ЗНАНИУМ»
041 Код языка издания __
a Код языка текста rus
044 Код страны публикации __
a Код страны публикации RU
080 Индекс УДК __
a Индекс УДК 78
084 Индекс другой классификации/Индекс ББК __
2 Источник индекса rubbk
a Индекс другой классификации/Индекс ББК 8531
084 Индекс другой классификации/Индекс ББК __
2 Источник индекса okso
a Индекс другой классификации/Индекс ББК 53.03.02
100 Автор __
a Автор Кандаурова Л.
q Полное имя Кандаурова Ляля
245 Заглавие __
a Заглавие Полчаса музыки: Как понять и полюбить классику
b Продолж. заглавия Практическое пособие
250 Сведения об издании __
a Основные сведения об издании 1
260 Выходные данные __
a Место издания Москва
b Издательство ООО "Альпина Паблишер"
c Дата издания 2026
300 Физическое описание __
a Объем 440 с.
520 Аннотация __
a Аннотация Cлушать музыку — это самое интересное что есть на свете. Вы убедитесь в этом читая книгу музыкального журналиста и популярного лектора Ляли Кандауровой. Вместо скучного и сухого перечисления фактов перед вами настоящий абонемент на концерт: автор рассказывает о 600-летней истории музыки так что незнакомые произведения становятся близкими а знакомые — приносят еще больше удовольствия. Вы сможете использовать QR-коды для прослушивания мелодий о которых идет речь чтобы текст ожил заиграл и раскрылся совершенно по-другому.
521 Примеч. о цел. назн. __
a Примеч. о целев. назн. Дополнительное образование
650 Тематические рубрики __
a Основная рубрика Архитектура. Искусство
x Основная подрубрика Теория и история музыки. Музыковедение
655 Указ. предметных рубрик (устаревшее) __
a Жанр/ форма (устаревшее) Практическое пособие
856 Электронный адрес документа 4_
a Имя сервера/домена znanium.ru
m Помощь ebs_support@infra-m.ru
n Местонахождение сервера НИЦ ИНФРА-М
u URL https://znanium.ru/catalog/document?id=473423
856 Электронный адрес документа 48
a Имя сервера/домена znanium.ru
d Путь /cover/2235
f Электронное имя 2235022.jpg
q Тип электронного формата image/jpeg
u URL https://znanium.ru/cover/2235/2235022.jpg
911 __
u 0030=https://znanium.ru/catalog/document?id=473423